Dejiny socialistických hnutí v USA diplomová práca

Saved in:
Bibliographic Details
Main Author: Hrežik, Dávid
Corporate Author: Fakulta medzinárodných vzťahov EU. Katedra medzinárodných politických vzťahov
Other Authors: Škvrnda, František, ml., 1987-
Format: Book
Language:Slovak
Published: Bratislava 2022
Tags: Add Tag
No Tags, Be the first to tag this record!

MARC

LEADER 00000nbm a2200000 4500
001 0285167
005 20240422084215.6
041 0 |a slo 
044 |a SK 
245 1 0 |a Dejiny socialistických hnutí v USA  |b diplomová práca  |c Dávid Hrežik ; školiteľ: František Škvrnda ml. 
264 1 |a Bratislava  |c 2022 
300 |a 77 s. 
100 1 |a Hrežik, Dávid 
700 1 |a Škvrnda, František, ml., 1987- 
710 2 |a Fakulta medzinárodných vzťahov EU. Katedra medzinárodných politických vzťahov